| 000 | 00591cam a22001697a 4500 | ||
|---|---|---|---|
| 008 | 180718b1963 xxu||||| |||| 00| 0 eng d | ||
| 082 | _aP52x5442 K127 | ||
| 100 | _aKamat, A.R. | ||
| 245 |
_aWastage in college education: two studies about students of the University of Poona _cby A.R. Kamat and A.G. Deshmukh |
||
| 260 |
_aPoona _bGokhale Institute of Politics and Economics _c1963 |
||
| 300 | _a202p. | ||
| 650 | _aMental efficiency | ||
| 650 | _aAbility | ||
| 650 | _aFergusson College (Poona, India) --Students | ||
| 650 | _aUniversity of Poona --Students | ||
| 700 | _aDeshmukh, A.G. | ||
| 999 |
_c371073 _d371073 |
||